| 000 | 00674nam a2200229Ia 4500 | ||
|---|---|---|---|
| 001 | 15684 | ||
| 003 | GE_BSU | ||
| 008 | 181216s||||||||xx |||||||||||||| ||und|| | ||
| 040 | _cGE_BSU | ||
| 080 | _a821.353.1-32 | ||
| 100 | _aჩხაიძე, ნური | ||
| 245 | _aხოხობა | ||
| 245 | _bმოთხრობები | ||
| 245 | _cრედ.შ.როყვა. მხატვ.გ.ღლონტი | ||
| 260 | _aთბილისი | ||
| 260 | _bსაბჭ. საქართველო, | ||
| 260 | _c1968 | ||
| 300 | _a108გვ. ; 19სმ | ||
| 653 | _aმოთხრობები | ||
| 653 | _aხოხობა | ||
| 942 | _cBK | ||
| 999 |
_c48782 _d48782 |
||